Practical ship hydrodynamics / (Record no. 3327)

000 -LEADER
fixed length control field 04914cam a2200481 a 4500
006 - FIXED-LENGTH DATA ELEMENTS--ADDITIONAL MATERIAL CHARACTERISTICS--GENERAL INFORMATION
fixed length control field m o d
007 - PHYSICAL DESCRIPTION FIXED FIELD--GENERAL INFORMATION
fixed length control field cr mn|||||||||
008 - FIXED-LENGTH DATA ELEMENTS--GENERAL INFORMATION
fixed length control field 070711s2000 enka ob 001 0 eng c
020 ## - INTERNATIONAL STANDARD BOOK NUMBER
International Standard Book Number 9780080514529
Qualifying information (electronic book)
020 ## - INTERNATIONAL STANDARD BOOK NUMBER
International Standard Book Number 0080514529
Qualifying information (electronic book)
020 ## - INTERNATIONAL STANDARD BOOK NUMBER
International Standard Book Number 0750648511
Qualifying information (pbk.)
020 ## - INTERNATIONAL STANDARD BOOK NUMBER
International Standard Book Number 9780750648516
Qualifying information (pbk.)
020 ## - INTERNATIONAL STANDARD BOOK NUMBER
International Standard Book Number 1281077038
020 ## - INTERNATIONAL STANDARD BOOK NUMBER
International Standard Book Number 9781281077035
020 ## - INTERNATIONAL STANDARD BOOK NUMBER
International Standard Book Number 9786611077037
020 ## - INTERNATIONAL STANDARD BOOK NUMBER
International Standard Book Number 6611077030
040 ## - CATALOGING SOURCE
Original cataloging agency IMU Kochi Library
Language of cataloging eng
041 0# - LANGUAGE CODE
Language code of text/sound track or separate title eng
082 04 - DEWEY DECIMAL CLASSIFICATION NUMBER
Classification number 623.81
Edition number 22
100 1# - MAIN ENTRY--PERSONAL NAME
Personal name Bertram, Volker.
245 10 - TITLE STATEMENT
Title Practical ship hydrodynamics /
260 ## - PUBLICATION, DISTRIBUTION, ETC. (IMPRINT)
Place of publication, distribution, etc Oxford ;
-- Boston :
Name of publisher, distributor, etc Butterworth-Heinemann,
Date of publication, distribution, etc 2000.
300 ## - PHYSICAL DESCRIPTION
Extent 1 online resource (x, 270 pages) :
Other physical details illustrations
504 ## - BIBLIOGRAPHY, ETC. NOTE
Bibliography, etc Includes bibliographical references (pages 265-268) and index.
505 0# - FORMATTED CONTENTS NOTE
Formatted contents note Introduction; Overview of problems and approaches; Model test and similarity laws; Full scale tests; Numerical approaches (Computational Fluid Dynamics); Basic equations, Basic techniques; Applications. Propeller Flows: Propeller geometry and other basics, Propeller curves; Numerical methods for propeller design; Lifting line theory; Lifting surface theory; BEM for propellers; Field methods; Cavitation; Experimental approach; Propeller design procedure. Resistance and propulsion: Resistance and propulsion concepts; Interaction between ship and propeller; Decomposition of resistance; Experimental approach; Towing tanks and experimental set up; Resistance test; Method ITTC 1957; Method of Hughes-Prohaska; Propulsion test; Additional resistance under service conditions; Simple design approaches; CFD approaches for steady flow; Wave resistance computations; Viscous flow computations; Problems for fast and unconventional ships. Ship Seakeeping: Introduction to seakeeping; Experimental approaches (model and full-scale); Waves and seaway; Airy waves (harmonic waves of small amplitude); Natural seaway; Wind and seaway; Wave climate; Numerical prediction of ship seakeeping; Overview of computational methods; Strip method; Rankine panel methods; Problems for fast and unconventional ships; Further quantities in regular waves; Ship responses in stationary seaway; Simulation methods; Long-term distributions; Slamming. Manoeuvring: Simulation of manoeuvring with known coefficients; Coordinate systems and definitions; Body forces and manoeuvring motions; Linear motion equations; CFD for manoeuvring; Experimental approaches; Manoeuvring tests for full-scale ships in sea trials; Model tests; Rudders; Computation of body forces; Slender-body theory; Influence of heel; Shallow-water effect; Jet thrusters; Stop manoeuvres. Boundary element methods: Green function formulation; Integral equations; Source elements; Point source; Regular first-order panel; Jensen panel; Higher-order panel; Vortex elements; Dipole elements; Point dipole. Numerical examples for BEM: Two-dimensional body in infinite flow; Theory; Numerical implementation.
520 ## - SUMMARY, ETC.
Summary, etc The author has provided the reader with comprehensive coverage of ship hydrodynamics with a focus on numerical methods now in use. The book provides a global overview of experimental and numerical methods for ship resistance and propulsion, manoeuvring and seakeeping. As boundary element techniques are now in standard use, these are covered in sufficient detail for independent code development. The book is divided into seven chapters. Chapter one contains an overview of problems and approaches, including the basics of model and full scale testing. An introduction to computational fluid dynamics is given, including a discussion of applications. The next four chapters cover the subjects: propellers, resistance and propulsion, seakeeping and manoeuvring. These chapters present basic methods, such as model testing, extrapolation to full scale, and procedures for design. Substantial parts of each chapter include numerical methods and their applications. The last two chapters are devoted to boundary element methods for resistance and seakeeping. Web-supported text. Questions provided in chapters with answers on the web Covers well-established methods as well as the newest numerical procedures in the area of ship hydrodynamics.
650 #0 - SUBJECT ADDED ENTRY--TOPICAL TERM
Topical term or geographic name as entry element Ships
General subdivision Hydrodynamics.
650 #6 - SUBJECT ADDED ENTRY--TOPICAL TERM
Topical term or geographic name as entry element Navires
General subdivision Hydrodynamique.
650 #7 - SUBJECT ADDED ENTRY--TOPICAL TERM
Topical term or geographic name as entry element TRANSPORTATION
General subdivision Ships & Shipbuilding
-- Pictorial.
Source of heading or term bisacsh
650 #7 - SUBJECT ADDED ENTRY--TOPICAL TERM
Topical term or geographic name as entry element TECHNOLOGY & ENGINEERING
General subdivision Marine & Naval.
Source of heading or term bisacsh
650 #7 - SUBJECT ADDED ENTRY--TOPICAL TERM
Topical term or geographic name as entry element Ships
General subdivision Hydrodynamics.
Source of heading or term fast
650 17 - SUBJECT ADDED ENTRY--TOPICAL TERM
Topical term or geographic name as entry element Hydrodynamica.
Source of heading or term gtt
650 17 - SUBJECT ADDED ENTRY--TOPICAL TERM
Topical term or geographic name as entry element Scheepsschroeven.
Source of heading or term gtt
650 17 - SUBJECT ADDED ENTRY--TOPICAL TERM
Topical term or geographic name as entry element Voortstuwing.
Source of heading or term gtt
852 ## - LOCATION/CALL NUMBER
Location IMU Kochi Library
856 ## - ELECTRONIC LOCATION AND ACCESS
Uniform Resource Identifier <a href="https://www.sciencedirect.com/science/book/9780750648516">https://www.sciencedirect.com/science/book/9780750648516</a>
904 ## - LOCAL DATA ELEMENT D, LDD (RLIN)
CATALOGER Rudra Ranjan
905 ## - LOCAL DATA ELEMENT E, LDE (RLIN)
VERIFIER Rudra Ranjan
942 ## - ADDED ENTRY ELEMENTS (KOHA)
Item type E-Book
338 ## -
-- online resource
650 #6 - SUBJECT ADDED ENTRY--TOPICAL TERM
-- (CaQQLa)201-0045585
650 #7 - SUBJECT ADDED ENTRY--TOPICAL TERM
-- (OCoLC)fst01116512

No items available.



Copyright © All Rights Reserved by Indian Maritime University, Kochi Campus.
For any Suggestions/Query Contact to library or Email: library.kochi@imu.ac.in Ph:(0484)-2989402
(Web OPAC Designed by Rudra Ranjan. Maintained by IMU Kochi Library)

Powered by Koha